De la metaphysique (Record no. 30500)
[ view plain ]
| 000 -LEADER | |
|---|---|
| campo de control de longitud fija | 00550nam a2200157 i 4500 |
| 001 - NÚMERO DE CONTROL | |
| campo de control | 30500 |
| 003 - IDENTIFICADOR DE NÚMERO DE CONTROL | |
| campo de control | ES-MaACL |
| 005 - FECHA Y HORA DE LA ÚLTIMA TRANSACCIÓN | |
| campo de control | 20230906154214.0 |
| 007 - CAMPO FIJO DE DESCRIPCIÓN FÍSICA--INFORMACIÓN GENERAL | |
| campo de control de longitud fija | t| |
| 008 - DATOS DE LONGITUD FIJA--INFORMACIÓN GENERAL | |
| campo de control de longitud fija | 030124s1879 fr ||||1| fre d |
| 100 1# - ENTRADA PRINCIPAL--NOMBRE DE PERSONA | |
| Nombre de persona | Barthelemy Saint-Hilaire, Jules. |
| 9 (RLIN) | 26123 |
| 245 10 - MENCIÓN DEL TÍTULO | |
| Título | De la metaphysique |
| Resto del título | : sanature et sesdroits ... por servir d'introduction a la métaphysique d'Aristote / |
| Mención de responsabilidad, etc. | par Jules Barthelemy Saint-Hilaire. |
| 260 ## - PUBLICACIÓN, DISTRIBUCIÓN, ETC. | |
| Lugar de publicación, distribución, etc. | París : |
| Nombre del editor, distribuidor, etc. | Gremer-Baillière et Cie., |
| Fecha de publicación, distribución, etc. | 1879 ( |
| Fabricante | Chamerot) |
| 300 ## - DESCRIPCIÓN FÍSICA | |
| Extensión | 190 p. ; |
| Dimensiones | 19 cm. |
| 852 ## - LOCALIZACIÓN | |
| Ubicación | ES-MaACL |
| Número de control de estantería | F-12180 |
| Estatus retirado | Estado de pérdida | Estado de daño | No para préstamo | Colección | Biblioteca de origen | Biblioteca actual | Ubicación en estantería | Fecha de adquisición | Fuente de adquisición | Total de préstamos | Signatura topográfica completa | Código de barras | Visto por última vez | Precio de reemplazo | Tipo de ítem Koha |
|---|---|---|---|---|---|---|---|---|---|---|---|---|---|---|---|
| Libros del s. XIX | Biblioteca del Ateneo de Madrid | Biblioteca del Ateneo de Madrid | Sala Pecera Planta 2 | 17/01/2008 | F-12180 | 1031497 | 23/02/2023 | 23/02/2023 | Libro impreso antiguo |
